00810 2200289 4500001002100000005001500021035002000036007000300056008004100059040001700100100001500117245009200132250001000224300003200234020002200266041000800288082001000296084001600306090002000322260004500342850001000387650001700397700002400414700003200438990002500470990002500495INLIS00000000000351820260530123022 a0010-0621000050ta260530 0  aSBPUPADbind0 aJohn Adair1 aCara Menumbuhkan Pemimpin :bTujuh Prinsip Kunci Pengembangan Kepemimpinan yang Efektif aCet.1 a196 hlm. :billus. ;c23 cm a978-979-22-3427-50 aind a303.3 a303.3 JOH c a303.4 PIO s 8-1 aJakarta :bGramedia Pustaka Utama,c2007 aPUPAD 4aKepemimpinan aPenerjemah, Lie Hua aPenerjemah ke-2, Said Bazry a11351/BR-KAPD-PDG-09 a11350/BR-KAPD-PDG-09